Temes de circ : 20 litografies de Pau Roig : 1906 - 1907 20 litografies de Pau Roig :
ISBN:
84-7845-103-x
Descripción Física:
32 p. : principalment il.; 24 cm
Otros Autores:
Roig i Cisà, Pau
MARC
| LEADER | 00000nam a2200000Ia 4500 | ||
|---|---|---|---|
| 001 | 23030 | ||
| 008 | 160829s1989 xx 000 0 cat d | ||
| 020 | |a 84-7845-103-x | ||
| 080 | |a FU-59-14 | ||
| 245 | |a Temes de circ : |b 20 litografies de Pau Roig : |b 1906 - 1907 | ||
| 260 | |a Barcelona : |b Biblioteca de Catalunya, |c 1989 | ||
| 300 | |a 32 p. : |b principalment il.; |c 24 cm | ||
| 590 | |a Catàleg de l'exposició, celebrada entre maig i juny de 1989 | ||
| 650 | |a Roig i Cisà, Pau |x Gravats |x Exposicions |9 39917 | ||
| 650 | |a Circ en l'art |9 39918 | ||
| 650 | |a Litografia |x Catalunya |9 39919 | ||
| 700 | |a Roig i Cisà, Pau |9 39920 | ||
| 710 | 1 | |a Biblioteca de Catalunya |9 52741 | |
| 901 | |a Arxiu | ||
| 942 | |n 1 | ||
| 952 | |0 0 |1 0 |4 0 |6 FU5914 |7 1 |9 49304 |a Arxiu |b Arxiu |d 2016-12-01 |l 0 |o FU-59-14 |p 23030 |r 2016-12-01 00:00:00 |w 2016-12-01 |y ARXIU | ||
| 999 | |c 53146 |d 53146 | ||